One Piece Characters - Statistics

General Stats
  • This quiz has been taken 316 times
    218 since last reset
  • The average score is 91 of 137
Answer Stats
Hint Answer % Correct
Main CharacterCaptain of the Staw Hat Pirates Member of the Worst Generation Member of the Four Emperor of the Sea Bounty: 3,000,000,000 Monkey D. Luffy
100%
Second member of the Straw Hat PiratesNavigator Bounty: 366,000,000 Nami
100%
First member of the Straw Hat PiratesEx-Bounty Hunter Member of the Worst Generation Swordsman Bounty: 1,111,000,000 Roronoa Zoro
100%
Ninth member of the Straw Hat PiratesHelmsman Fishman Former captain of the Sun Pirates Bounty: 1,100,000,000 Jinbe
99%
Sixth member of the Straw Hat PiratesArchaeologist Former member of Baroque Works (Miss All Sunday) Bounty: 930,000,000 Nico Robin
99%
Member of the 4 Emperors of the SeaCaptain of the Red Hair Pirates Former member of the Roger Pirates Bounty: 4,048,900,000 Shanks
99%
Fifth member of the Straw Hat PiratesDoctor Bounty: 1000 Tony Tony Chopper
99%
Third member of the Straw Hat PiratesSniper Bounty: 500,000,000 Usopp
99%
Fourth member of the Staw Hat PiratesCook Ex-Prince of the Kingdom of Germa Bounty: 1,032,000,000 Vinsmoke Sanji
99%
Eighth member of the Straw Hat PiratesSwordsman & Musician Former member of the Rumbar Pirates Bounty: 383,000,000 Brook
98%
Seventh member of the Straw Hat PiratesCarpenter Creator of the Thousand Sunny Bounty: 394,000,000 Franky
98%
Former 2nd Division Commander of theWhitebeard Pirates Son of the Pirate King Brother of the Main Character Bounty: 550,000,000 Portgas D. Ace
98%
Former member of the 4 Emperors of the SeaStrongest Man in the World Captain of the Whitebeard Pirates Former member of the Rocks Pirates Bounty: 5,046,000,000 Edward Newgate
95%
Former member of the 4 Emperors of the SeaCaptain of the Beast Pirates Strongest Creature in the World Former member of the Rocks Pirates Bounty: 4,611,100,000 Kaido
94%
Member of the Red Hair PiratesSniper Bounty: Unknown Yasopp
93%
First member of the Red Hair PiratesBounty: Unknown Benn Beckman
90%
Former 1st Division Commander of theWhitebeard Pirates Doctor Bounty: 1,374,000,000 Marco
90%
Member of the Beast Pirates' AllstarsMember of the Lunarian Race Bounty: 1,390,000,000 King
89%
Former member of the 4 Emperors of the SeaCaptain of the Big Mom Pirates Former member of the Rocks Pirates Bounty: 4,388,000,000 Charlotte Linlin
88%
Member of the Beats Pirates' AllstarsBounty: 1,320,000,000 Queen
86%
Captain of the Heart PiratesMember of the Worst Generation Former member of the 7 Warlords of the Sea Bounty: 3,000,000,000 Trafalgar D. Water Law
86%
Founder of Cross GuildCaptain of the Buggy Pirates Former member of the 7 Warlords of the Sea Former member of the Roger Pirates Bounty: 3,189,000,000 Buggy
85%
Captain of the Kid PiratesMember of the Worst Generation Bounty: 3,000,000,000 Eustass Kid
85%
Pirate KingCaptain of the Roger Pirates Bounty: 5,564,800,000 Gol D. Roger
85%
Member of the 4 Emperors of the SeaCaptain of the Blackbeard Pirates Former member of the 7 Warlords of the Sea Former member of the Whitebeard Pirates Bounty: 3,996,000,000 Marshall D. Teach
85%
Member of the Big Mom PiratesMember of the 3 Sweet Generals Minister of Flour Bounty: 1,057,000,000 Charlotte Katakuri
84%
Captain of the Donquixote PiratesFormer member of the 7 Warlords of the Sea Former King of Dressrossa Former Celestial Dragon Bounty: Unknown Donquixote Doflamingo
84%
Founder of Cross GuildFormer member of the 7 Warlords of the Sea "Worlds Strongest Swordsman" Bounty: 3,590,000,000 Dracule Mihawk
84%
Snake Princess of Amazon LilyCaptain of the Kuja Pirates Former member of the 7 Warlords of the Sea Bounty: 1,659,000,000 Boa Hancock
83%
Founder of Cross GuildFormer member of Baroque Works (Mr. 0) Former member of the 7 Warlords of the Sea Bounty: 1,965,000,000 Crocodile
83%
Member of the Red Hair PiratesCook Bounty: Unknown Lucky Roux
83%
Former member of the Roger PiratesFirst mate "Dark King" Bounty: Unknown Silvers Rayleigh
83%
Member of the Beats Pirates' AllstarsFishman Captain of the Mammoth Pirates
Bounty: 1,000,000,000
Jack
82%
Queen of AlabastaFormer member of Baroque Works (Miss Wednesday) Temporary member of the Straw Hat Pirates Bounty: N/A Nefertari Vivi
82%
Captain of the Bonney PiratesMember of the Worst Generation Former princess of the Sorbet Kingdom Bounty: 320,000,000 Jewelry Bonney
81%
Former Daimyo of the Land of WanoFather of the current Shogun Former member of the Whitebeard Pirates Former member of the Roger Pirates Leader of the Nine Red Scabbards Bounty: N/A Kozuki Oden
81%
Member of the Kid PiratesMember of the Worst Generation Bounty: 200,000,000 Killer
80%
God of SkypieaResident of the Moon Bounty: N/A Enel
79%
Marine Vice AdmiralThe Marine Hero Grandfather of the main character Bounty: 3 Crowns (3,000,000,000) Monkey D. Garp
79%
Member of the Heart PiratesNavigator Polar Bear Mink Bounty: 500 Bepo
78%
Former member of the 7 Warlords of the SeaFormer Captain of the Thriller Bark Pirates Bounty: 320,000,000 Gecko Moria
78%
Member of the Black Beard PiratesCaptain of the 10th Fleet Former Marine Admiral Alais "Aokiji" Bounty: Unknown Kuzan
78%
Daughter of the Captain of the Beast PiratesAlly to the Ninja-Pirate-Mink-Samurai Alliance Bounty: N/A Yamato
77%
FishmanFormer member of the Sun Pirates Captain of the Arlong Pirates Bounty: 20,000,000 Arlong
75%
Former King of AlabastaBounty: N/A Nefertari Cobra
75%
Member of the Beast Pirates Member of the Tobiroppo Member of the Worst Generation Member od Special Marine Unit SWORD Bounty: 220,000,000 X Drake
75%
ScientistCreator of the Pacifista & Seraphim Former member of MADS Bounty: N/A Vegapunk
74%
Rabbit MinkMember of the Musketeer Squad Member of the Ninja-Pirate-Mink-Samurai allaince Bounty: N/A Carrot
73%
Member of the Big Mom PiratesMember of the 3 Sweet Generals Minister of Biscuit Bounty: 860,000,000 Charlotte Cracker
73%
Member of the Big Mom PiratesMember of the 3 Sweet Generals Minister of Juice Bounty: 930,000,000 Charlotte Smoothie
73%
Cipher Pol AgentMember of CP0 Fomer member of CP9 Bounty: N/A Rob Lucci
73%
Inspector General of the MarinesFormer Fleet Admiral of the Marines Former Admiral of the Marines Bounty: N/A Sengoku
73%
Head of the Nine Red ScabbardsBounty: N/A Kin'emon
72%
Marine CaptainMember of Marine Special Unit SWORD Former member of the Alvida Pirates Bounty: 5 Stars (500,000,000) Koby
72%
Shogun of the Land of WanoSon of the former Bounty: N/A Kozuki Momonosuke
72%
Captain of the Black Cat PiratesAlias "Klahadolle" Bounty: 16,000,000 Kuro
72%
Subordinate of the Big Mom PiratesMember of the Worst Generation Captain of the Fire Tank Pirates Bounty: 300,000,000 Capone Bege
71%
Revolutionary Army Chief of Staff (No. 2)Brother of the main character Bounty: 602,000,000 Sabo
71%
Member of the Beast Pirates Member of the Tobiroppo Member of the Worst Generation The Magician Bounty: 320,000,000 Basil Hawkins
70%
Cipher Pol Agent
Member of CP0
Fomer member of CP9
Bounty: N/A
Kaku
70%
Former member of the 7 Warlords of the SeaMember of the Revolutionary Army Bounty: 296,000,000 Bartholomew Kuma
69%
Former member of the 7 Warlords of the SeaSelf-proclaimed son of Whitebeard Bounty: Unknown Edward Weevil
69%
Former 3rd Division Commander of theWhitebeard Pirates Bounty: Unknown Jozu
69%
Supreme Commander of the Revolutionary ArmyFormer Marine Father of the Main character Bounty: Unknown Monkey D. Dragon
69%
Member of the Beast Pirates Member of the Tobiroppo Former member of CP9 Bounty: 546,000,000 Who's-Who
69%
Member of the Big Mom PiratesFirst born of the Charlotte Family Minister of Sweets Bounty: 700,000,000 Charlotte Perospero
68%
Fleet Admiral of the MarinesFormer Marine Admiral Alias " Akainu" Bounty: Unknown Sakazuki
67%
Member of the Beast Pirates Member of the Tobiroppo Bounty: 480,000,000 Black Maria
66%
Marine AdmiralFormer Marine Vice Admiral Alias "Kizaru" Bounty: 3 Crowns (3,000,000,000) Borsalino
65%
Member of the Beast Pirates Member of the Tobiroppo Bounty: 400,000,000 Ulti
65%
Member of the Black Beard PiratesHelmsman Captain of the 1st Fleet Bounty: Unknown Jesus Burgess
64%
Member of Cross GuildCaptain of the Alvida Pirates Temporary captain of the Buggy Pirates Bounty: 5,000,000 Alvida
63%
Member of the Big Mom PiratesMinister of Browned Foods Bounty: 300,000,000 Charlotte Oven
63%
Marine CommanderFormer Lieutenant Commander Member of Marine Special Unit SWORD Bounty: N/A Helmeppo
63%
Captain of the New Fishman PiratesFishman Former soldier of the Neptune Army Bounty: Unknown Hody Jones
63%
ScientistCo-Founder of Neo MADS Former member of the Fire Tank Pirates Former member of the Donquixote Pirates Former member of MADS Bounty: 300,000,000 Caesar Clown
62%
Vice Warden of Impel DownFormer Warden of Impel Down Bounty: N/A Magellan
62%
Jaguar MinkFormer captain of the Nox Pirates Former captain of the Guardians Bounty: 382,000,000 Pedro
62%
Former member of the Donquixote Pirates(Corazon)
Former Celestial Dragon Former Marine Commander
Bounty: N/A
Donquixote Rosinante
60%
Revolutionary Army CommanderQueen of Kamabakka Kingdom Bounty: Unknown Emporio Ivankov
60%
Cipher Pol Agent Member of CP0 Fomer member of CP9 Bounty: N/A Kalifa
60%
Member of the Nine Red ScabbardsNinja
Bounty: N/A
Raizo
60%
Member of the Black Beard PiratesFormer Head Jailer of Impel Down Captain of the 2nd Fleet Bounty: Unknown Shiryu
60%
Marine Vice AdmiralCommander of the G-5 Base Bounty: N/A Smoker
60%
King of GermaSupreme Commander of Germa 66 Co-Founder of Neo MADS Former member of MADS Bounty: N/A Vinsmoke Judge
60%
Member of the Beast PiratesMember of the Tobiroppo Bounty: 290,000,000 Page One
59%
Homie of the Captain of the Big Mom PiratesMember of the Straw Hat Pirates Zeus
59%
Captain of the Barto ClubStraw Hat Grand Fleet 2nd Fleet Commander Bounty: 200,000,000 Bartolomeo
58%
Former member of Baroque Works (Mr. 2 Bon Kurei)Bounty: Unknown Bentham
58%
Marine AdmiralAlias "Fujitora" Bounty: 3 Crowns (3,000,000,000) Issho
58%
Member of the Nine Red Scabbards (Spy)Bounty: N/A Kurozumi Kanjuro
58%
Legendary Samurai of the Land of WanoAncestor of the Straw Hat Pirates first mate Bounty: N/A Shimotsuki Ryuma
58%
One of the Five Elders of the World GovermentWarrior God of the Environment Bounty: N/A Marcus Mars
56%
Former member of the Whitebeard PiratesFormer 16th Division Commander Bounty: 510,000,000 Izo
55%
Mother of the 2 formerSpouse of the former Daimyo Bounty: N/A Kozuki Toki
55%
Commander of Germa 66Princess of Germa First born of the former Bounty: N/A Vinsmoke Reiju
55%
Marine CaptainSubordinate of the former Bounty: N/A Tashigi
54%
Member of the Nine Red ScabbardsAlias "Kyoshiro" Bounty: N/A Denjiro
53%
One of the Five Elders of the World GovermentWarrior God of Science & Defense Bounty: N/A Jaygarcia Saturn
53%
Sister of the formerAlais "Komurasaki" Bounty : N/A Kozuki Hiyori
52%
Former member of the Roger PiratesBounty: Unknown Scopper Gaban
52%
Captain of the Beautiful PiratesStraw Hat Grand Fleet 1st Fleet Commander Bounty: 330,000,000 Cavendish
51%
Member of Cross GuildFormer member of Baroque Works (Mr. 1) Bounty: 75,000,000 Daz Bonez
51%
Marine AdmiralAlias "Ryokugyu" Bounty: 3 Crowns (3,000,000,000) Aramaki
50%
Cipher Pol Agent Member of CP0 Fomer member of CP9 Bounty: N/A Blueno
50%
Member of the Nine Red ScabbardsCat Viper Mink
Bounty: N/A
Nekomamushi
50%
Commander of Germa 66 Prince of Germa Bounty: N/A Vinsmoke Niji
50%
Commander of Germa 66 Prince of Germa Bounty: N/A Vinsmoke Yonji
50%
PUNK-022nd Satellite Representative of "Evil" Bounty: N/A Lilith
49%
Fomer MarineFormer Captain of the Science Unit Bodyguard of the former Bounty: N/A Sentomaru
49%
Member of the Nine Red ScabbardsAlias "Shutenmaru"
Bounty: N/A
Ashura Doji
47%
Member of the Nine Red ScabbardsDogstorm Mink
Bounty: N/A
Inuarashi
47%
Member of the Revolutionary ArmyFormer member of the Sun Pirates Former slave Bounty: N/A Koala
47%
Former shogun of the Land of WanoBounty: N/A Kurozumi Orochi
47%
Homie of the Captain of the Big Mom Pirates Prometheus
47%
Commander of Germa 66Prince of Germa First Son of the Supreme Commander Bounty: N/A Vinsmoke Ichiji
47%
Cipher Pol Agent Member of CP0 Fomer leader of CP9 & CP5 Bounty: N/A Spandam
46%
Member of Cross GuildFormer member of Baroque Works (Mr. 3) Bounty: 24,000,000 Galdino
45%
Member of the Nine Red ScabbardsFishman
Bounty: N/A
Kawamatsu
45%
Celestial DragonCommander of the Holy Knights Bounty: N/A Figarland Garling
44%
Homie of the Captain of the Big Mom Pirates Napoleon
44%
Undercover Cipher Pol AgentUndercover member of CP0 Queen of the Pleasure District Clone made by MADS Stussy
44%
Member of the Big Mom PiratesMinister of Beans Bounty: 300,000,000 Charlotte Daifuku
42%
PUNK-011st Satellite Representative of "The Good" Bounty: N/A Shaka
42%
PUNK-06
6th Satellite
Representative of "Greed" Bounty: N/A
York
42%
KunoichiKozuki Family ally Subordinate of the Head of the 9 Red Scabbards Bounty: N/A Shinobu
41%
PUNK-05
5th Satellite
Representative of "Violence" Bounty: N/A
Atlas
40%
Former member of the Donquixote PiratesFirst "Corazon" Former member of the Marines (spy) Bounty: N/A Vergo
39%
One of the Five Elders of the World GovermentWarrior God of Justice Bounty: N/A Topman Warcury
37%
PUNK-03
3rd Satellite
Representative of "Thinking" Bounty: N/A
Edison
36%
One of the Five Elders of the World GovermentWarrior God of Agriculture Bounty: N/A Shepherd Ju Peter
36%
Revolutionary Army East Army CommanderBounty: 457,000,000 Belo Betty
33%
PUNK-04
4th Satellite
Representative of "Wisdom" Bounty: N/A
Pythagoras
33%
Member of the Nine Red ScabbardsBounty: N/A Kikunojo
32%
One of the Five Elders of the World GovermentWarrior God of Finance Bounty: N/A Ethanbaron V. Nusjuro
31%
Homie of the Captain of the Big Mom Pirates Hera
31%
Revolutionary Army North Army CommanderBounty: Unknown Karasu
31%
No matching quizzes found
Score Distribution
Percent of People with Each Score
Percentile by Number Answered
Your Score History
You have not taken this quiz since the last reset